书目信息 |
| 题名: |
学术会议论文选
|
|
| 作者: | ;中国科学技术情报学会 编 | |
| 分册: | ||
| 出版信息: | 北京 科学技术文献出版社 1987 |
|
| 页数: | 597页 | |
| 开本: | 20cm | |
| 丛书名: | ||
| 单 册: | ||
| 中图分类: | G350-53 | |
| 科图分类: | ||
| 主题词: | 情报学 , 情报工作 | |
| 电子资源: | ||
| ISBN: | ||
| 000 | 00706nam0 2200229 450 | |
| 001 | 0640811468 | |
| 005 | 20060809112150.59 | |
| 010 | @dCNY4.00 | |
| 100 | @a20060809d1987 km y0chiy0120 ea | |
| 101 | 0 | @achi |
| 102 | @aCN@b110000 | |
| 200 | 1 | @a学术会议论文选@e1985@Axue shu hui yi lun wen xuan@f中国科学技术情报学会编@Fzhong guo ke xue ji shu qing bao xue hui bian |
| 210 | @a北京@c科学技术文献出版社@d1987 | |
| 215 | @a597页@d20cm | |
| 300 | @a中国科学技术情报学会 | |
| 517 | 1 | @a1985 |
| 606 | 0 | @a情报学 |
| 606 | 0 | @a情报工作 |
| 690 | @aG350-53@v3 | |
| 711 | 0 | @a中国科学技术情报学会@Azhong guo ke xue ji shu qing bao xue hui@4编 |
| 801 | 0 | @aCN@bPFT@c20060809 |
| 905 | @a10447@dG350-53@e100:1985 | |
| 学术会议论文选:1985/中国科学技术情报学会编.-北京:科学技术文献出版社,1987 |
| 597页;20cm |
| 中国科学技术情报学会 |
| ISBN :CNY4.00 |
| ● |
| 相关链接 |
|
|
|
|
正题名:学术会议论文选
索取号:G350-53/100:1985
 
预约/预借
| 序号 | 登录号 | 条形码 | 馆藏地/架位号 | 状态 | 备注 |
| 1 | 0447905 | 204479055 | 密集书库/ [索取号:G350-53/100:1985] | 在馆 | |
| 2 | 0447906 | 204479064 | 密集书库/ [索取号:G350-53/100:1985] | 在馆 |